Siapa hancurkan UMNO???

Bibliographic Details
Main Author: Abdul Rahim Kassim (Author)
Format: Book
Published: Petaling Jaya : AZ Distributors , 1988
Subjects:

MARC

LEADER 00000cam a2200000 7i4500
001 0000002964
005 20071112093000.0
008 021118n
090 0 0 |a JQ719.A8   |b A72 
100 0 |a Abdul Rahim Kassim ,   |e author 
245 0 0 |a Siapa hancurkan UMNO???   |c Abd. Rahim Kassim 
260 2 |a Petaling Jaya :   |b AZ Distributors ,   |c 1988 
300 |a 67 ms. ; ;   |c 29 sm. 
610 0 0 |a United Malays National Organisation 
651 0 |a Malaysia   |x Politics and government 
999 |a 1000021032   |b Book   |c OPEN SHELF (30 DAYS)   |e Gong Badak Campus